| 000 | 00499nam a2200169Ia 4500 | ||
|---|---|---|---|
| 003 | LK-CoDNM | ||
| 008 | 010623t1916 xxu||||| |||| 00| 1 sin d | ||
| 040 |
_aLK-CoDNM _dLK-CoDNM _eLK-CoDNM |
||
| 041 | _asin | ||
| 080 | _a104 C 8 | ||
| 100 | _aVattuhami,V.B. | ||
| 245 | _aඅම්බලන්ගොඩ ගණ්ඨාර තොරණේ අලංකාරය | ||
| 246 | _aGhantara Torane Alankaaraya (Ambalangoda) | ||
| 260 |
_bWijaya _aAmbalangoda _c1916 |
||
| 300 | _b18p, 21 cm | ||
| 942 | _cBK | ||
| 999 |
_c88836 _d88836 |
||